| 000 | 00597nam a2200205Ia 4500 | ||
|---|---|---|---|
| 003 | OSt | ||
| 005 | 20230519052141.0 | ||
| 008 | 210423s2001 xx 000 0 und d | ||
| 040 | _cAL | ||
| 041 | _aeng | ||
| 082 |
_a305.4 _223 _bCHAC |
||
| 100 |
_aCHACKO (Shubha) _9109200 |
||
| 245 | _aChanging the stream: backgrounder on the womens movement in india | ||
| 260 |
_aMumbai _bBirla Publications _c2001 |
||
| 365 |
_b190 _cINR |
||
| 650 |
_aSociology _9109201 |
||
| 650 |
_aWomen Studies _9109202 |
||
| 906 | _abackgrounder ; Changing ; india ; movement ; stream: ; womens | ||
| 942 |
_2ddc _cBK |
||
| 999 |
_c172487 _d172487 |
||